| 000 | 00479nam a2200157Ia 4500 | ||
|---|---|---|---|
| 008 | 210716s2017 xx 000 0 und d | ||
| 020 | _a9789332586901 | ||
| 041 | _aeng | ||
| 082 | _a005.3682 CERH | ||
| 100 | _aCervantes, Humberto; Kazman, Rick. | ||
| 245 |
_aDesigning software architectures: a practical approach. _bPractical approach. |
||
| 250 | _a1 | ||
| 260 |
_aNew Delhi _bPearson Education _c2017 |
||
| 300 | _axvii,289 | ||
| 650 | _aComputer Architecture/Organization | ||
| 999 |
_c196345 _d196345 |
||